000 00547nam a2200181 a 4500
001 000046568
005 20201002052951.0
008 150826s2001 dr ade 000 0 spa d
020 _a9788480171502
040 _aDO-SdBNP
_bspa
_cBNPHU
082 _axxxxxxxx
_bxxxxxxxx
111 1 _aSeminario Internacional
_974559
245 0 3 _aLa inmigración dominicana en el tercer milenio :.
260 _aSanto Domingo :
_bBetania,
_c2001.
300 _a200 p. :
_bil., maps., ;
_c21 cm.
490 1 _aCiencias Sociales
830 0 _aCiencias Sociales
_913247
999 _c46057
_d46057